| 000 | 00938cam a22003017a 4500 | ||
|---|---|---|---|
| 003 | CHAP | ||
| 005 | 20220329135450.0 | ||
| 008 | 971013s1983 r 00010 d | ||
| 010 | _a36942 | ||
| 011 | _a37914 | ||
| 035 | _a42034 | ||
| 040 | _cCHAP | ||
| 090 | _aFolleto 10754 | ||
| 100 | 0 | 0 |
_aPark, J. C. _985568 |
| 245 | 1 | 2 | _aA peeling study method for pruned logs |
| 260 |
_aRotorva, N.Z. : _bForest Research Institute, _c1983 |
||
| 300 | _app.1-36 | ||
| 500 | _aEncuadernado con otro impreso similar | ||
| 590 |
_aBATCH-UPD _b10 _c20130110 _lUCH01 _h0157 |
||
| 590 |
_aBATCH-UPD _b10 _c20130110 _lUCH01 _h1943 |
||
| 590 |
_aBATCH-UPD _b10 _c20130914 _lUCH01 _h1427 |
||
| 590 |
_aCONVERSION _b10 _c20130109 _lUCH01 _h1321 |
||
| 650 | 1 | 4 |
_aÁrboles _xCorte. _96582 |
| 710 | 0 |
_aForest Research Institute. Wellington, New Zealand. _942333 |
|
| 901 | _aBK | ||
| 942 | _cFOLL | ||
| 949 |
_aFolleto 10754 _bBC _cFOLL _d-96550 _eTS1 _i42034 _mD _si |
||
| 999 |
_c36942 _d36942 |
||